[Event "RUS-chT 9th"]
[Site "Ekaterinburg"]
[Date "2002.??.18"]
[Round "2"]
[White "Fominyh, Alexander"]
[Black "Moiseenko, Alexander"]
[Result "0-1"]
[WhiteElo "2536"]
[BlackElo "2575"]
[PlyCount "120"]
[EventDate "2002.05.17"]

1. d4 Nf6 2. c4 e6 3. g3 Bb4+ 4. Bd2 c5 5. Bxb4 cxb4 6. Bg2 O-O 7. Nh3 d6 8.
Nf4 Nc6 9. O-O e5 10. dxe5 dxe5 11. Nd5 Bg4 12. h3 Bh5 13. Nd2 Qd6 14. Re1 Rfd8
15. Rc1 Rac8 16. Qa4 Nd7 17. Nb3 Nc5 18. Nxc5 Qxc5 19. e3 a6 20. a3 bxa3 21. b4
Qf8 22. c5 f5 23. Nb6 Rc7 24. Qxa3 e4 25. Nc4 Rcd7 26. Qb2 Re7 27. Rc2 h6 28.
Rb1 Kh8 29. Rd2 Rxd2 30. Qxd2 Ne5 31. Nxe5 Rxe5 32. Qd4 Re8 33. Bf1 Rd8 34. Qe5
Qf7 35. Rc1 Qd7 36. Qc3 Bf3 37. Bg2 Qa4 38. Qe1 Qa2 39. Ra1 Qb2 40. Rb1 Qa2 41.
Ra1 Qb2 42. Rb1 Qe5 43. Kh2 Kh7 44. Bxf3 exf3 45. Rd1 Rd5 46. Rxd5 Qxd5 47. Qb1
h5 48. Qb2 Kg6 49. Qd4 Qxd4 50. exd4 Kf6 51. d5 Ke5 52. d6 Ke6 53. Kg1 b6 54.
Kf1 bxc5 55. bxc5 a5 56. Ke1 a4 57. Kd2 a3 58. Kc2 g5 59. Kb3 g4 60. h4 Kd7 0-1

[Event "RUS-chT 9th"]
[Site "Ekaterinburg"]
[Date "2002.05.18"]
[Round "2"]
[White "Galkin, Alexander"]
[Black "Kobalia, Mikhail"]
[Result "1/2-1/2"]
[WhiteElo "2565"]
[BlackElo "2602"]
[PlyCount "29"]
[EventDate "2002.05.17"]

1. e4 e5 2. Nf3 d6 3. d4 exd4 4. Nxd4 Nf6 5. Nc3 Be7 6. Be2 O-O 7. O-O Re8 8.
Re1 Bf8 9. Bf1 Nbd7 10. Bf4 Ne5 11. h3 a6 12. Nf3 Nfd7 13. Nxe5 dxe5 14. Be3 c6
15. a3 1/2-1/2

[Event "RUS-chT 9th"]
[Site "Ekaterinburg"]
[Date "2002.05.18"]
[Round "2"]
[White "Kotsur, Pavel"]
[Black "Beshukov, Sergei"]
[Result "1/2-1/2"]
[WhiteElo "2578"]
[BlackElo "2482"]
[PlyCount "151"]
[EventDate "2002.05.17"]

1. c4 Nf6 2. Nc3 c5 3. g3 Nc6 4. Bg2 g6 5. e4 Bg7 6. Nge2 O-O 7. d3 d6 8. O-O
Ne8 9. Be3 Nc7 10. d4 cxd4 11. Nxd4 Bd7 12. a4 Ne6 13. Nde2 Nc5 14. h3 Qa5 15.
Rb1 Nb4 16. b3 Qd8 17. Qd2 a5 18. Rfd1 b6 19. Kh2 Rc8 20. f4 Bc6 21. Nd4 Ba8
22. Ndb5 Qd7 23. Qe2 Bc6 24. Nd4 Bb7 25. Bg1 Rfe8 26. Ndb5 Qe6 27. h4 f5 28.
Nd5 Nxd5 29. cxd5 Qd7 30. exf5 gxf5 31. Qh5 Rf8 32. Bh3 Ne4 33. Qe2 Nf6 34. Bg2
Ba6 35. Bxb6 Rb8 36. Bxa5 Bxb5 37. axb5 Ng4+ 38. Kh1 Rxb5 39. Be1 Rfb8 40. b4
Qa7 41. Bf3 Qd7 42. Qd3 Ra8 43. Be2 Rbb8 44. b5 Ra4 45. b6 Rd4 46. Qb3 Qb7 47.
Bf3 Qa6 48. Kg2 Rxd1 49. Bxd1 Bd4 50. Bd2 Qxb6 51. Qxb6 Rxb6 52. Rxb6 Bxb6 53.
Bc2 Nh6 54. Bc3 Kf7 55. Kf3 Bc5 56. Ba4 Bb6 57. Bd7 Bc5 58. Be6+ Kg6 59. Bd7
Kf7 60. h5 Bb6 61. Be6+ Kf8 62. Kg2 Ng4 63. Kf3 Nh6 64. Ba1 Bc5 65. Kg2 Ng4 66.
Kh3 h6 67. Bxf5 Nf6 68. Kh4 Nxd5 69. Be6 Ne3 70. g4 Nc2 71. Bc3 Bf2+ 72. Kh3
Bd4 73. Ba5 Be3 74. Kg3 Nd4 75. Bc4 e5 76. fxe5 1/2-1/2

[Event "RUS-chT 9th"]
[Site "Ekaterinburg"]
[Date "2002.05.18"]
[Round "2"]
[White "Kupreichik, Viktor D"]
[Black "Akselrod, Vladislav"]
[Result "1-0"]
[WhiteElo "2466"]
[BlackElo "2420"]
[PlyCount "145"]
[EventDate "2002.05.17"]

1. e4 e6 2. d4 d5 3. e5 c5 4. c3 Nc6 5. Be3 Qb6 6. Qd2 Bd7 7. Nf3 cxd4 8. cxd4
Bb4 9. Nc3 Nge7 10. Bd3 Bxc3 11. bxc3 Na5 12. O-O Qc7 13. Rab1 Nc8 14. Qe2 h6
15. Nd2 Nb6 16. Nb3 Nbc4 17. Bc1 O-O-O 18. Nxa5 Qxa5 19. Bxc4 dxc4 20. Qxc4+
Bc6 21. f3 Rd7 22. Qb3 Qa6 23. Ba3 Bd5 24. Qb2 Kb8 25. Rfc1 Bc4 26. Bd6+ Ka8
27. Qb4 Rc8 28. a4 f5 29. a5 g5 30. Rb2 h5 31. Qa4 Qc6 32. Qxc6 Rxc6 33. Kf2 b5
34. h4 gxh4 35. Rh1 a6 36. Rxh4 Rh7 37. Ke3 Bd5 38. Bc5 Rcc7 39. g3 Rcg7 40.
Kf4 Rh8 41. Rbh2 Rgh7 42. Ke3 Rg8 43. Kf2 Rgh8 44. Ke2 Rg8 45. g4 fxg4 46. fxg4
Rf7 47. gxh5 Kb7 48. h6 Kc6 49. h7 Rh8 50. Rh6 Bc4+ 51. Ke3 Kd5 52. Ba3 Bb3 53.
Bb4 Bd1 54. R2h4 Bc2 55. Rf6 Rfxh7 56. Rxh7 Rxh7 57. Rf8 Kc6 58. Rb8 Rh3+ 59.
Kf4 Bb3 60. Rb6+ Kc7 61. Rxa6 Bd5 62. Rd6 Rh7 63. a6 Rd7 64. Rxd5 Rxd5 65. Kg5
Kb6 66. Kf6 Kxa6 67. Kxe6 Rd8 68. Kf7 Rd7+ 69. Kf6 Rh7 70. e6 Rh6+ 71. Kf7 Rh7+
72. Kg6 Rh1 73. e7 1-0

[Event "RUS-chT 9th"]
[Site "Ekaterinburg"]
[Date "2002.05.18"]
[Round "2"]
[White "Labunskiy, Dmitry"]
[Black "Klimov, Sergey"]
[Result "0-1"]
[WhiteElo "2440"]
[BlackElo "2431"]
[PlyCount "60"]
[EventDate "2002.05.17"]

1. c4 Nf6 2. Nc3 g6 3. e4 d6 4. d4 Bg7 5. Bg5 h6 6. Bh4 c6 7. f4 Qa5 8. Bd3 c5
9. d5 Nh5 10. Nge2 Nxf4 11. Nxf4 g5 12. O-O gxh4 13. Qh5 Bd4+ 14. Kh1 Nd7 15.
Nfe2 Ne5 16. Nxd4 cxd4 17. Nb5 Bg4 18. Qxh4 Qd2 19. c5 dxc5 20. Nc7+ Kd7 21.
Bb5+ Kd6 22. Nxa8 Rxa8 23. h3 Bd7 24. Bxd7 Kxd7 25. b4 c4 26. Rad1 Qb2 27. Rf2
Qc3 28. Qxh6 d3 29. Qe3 Qxb4 30. Qf4 f6 0-1

[Event "RUS-chT 9th"]
[Site "Ekaterinburg"]
[Date "2002.05.18"]
[Round "2"]
[White "Looshnikov, Nikolai"]
[Black "Vaulin, Alexander"]
[Result "1/2-1/2"]
[WhiteElo "2443"]
[BlackElo "2560"]
[PlyCount "31"]
[EventDate "2002.05.17"]

1. e4 c5 2. Nf3 d6 3. d4 cxd4 4. Nxd4 Nf6 5. Nc3 a6 6. Bg5 e6 7. f4 h6 8. Bh4
Be7 9. Qf3 Qc7 10. O-O-O Nbd7 11. Bd3 g5 12. fxg5 Ne5 13. Qe2 Nfg4 14. Nf3 Nxf3
15. gxf3 hxg5 16. Bg3 1/2-1/2

[Event "RUS-chT 9th"]
[Site "Ekaterinburg"]
[Date "2002.05.18"]
[Round "2"]
[White "Markov, Jurij"]
[Black "Shomoev, Anton"]
[Result "1/2-1/2"]
[WhiteElo "2386"]
[BlackElo "2546"]
[PlyCount "27"]
[EventDate "2002.05.17"]

1. d4 d5 2. c4 e6 3. Nc3 c5 4. cxd5 exd5 5. Nf3 Nc6 6. g3 Nf6 7. Bg2 Be7 8. O-O
O-O 9. Bg5 c4 10. Ne5 Be6 11. e3 Nd7 12. Nxc6 bxc6 13. Bxe7 Qxe7 14. b3 1/2-1/2

[Event "RUS-chT 9th"]
[Site "Ekaterinburg"]
[Date "2002.05.18"]
[Round "2"]
[White "Nevostrujev, Vladimir"]
[Black "Chigvintsev, Andrei"]
[Result "1-0"]
[WhiteElo "2473"]
[BlackElo "2369"]
[PlyCount "65"]
[EventDate "2002.05.17"]

1. e4 e6 2. d4 d5 3. Nd2 Nf6 4. e5 Nfd7 5. c3 c5 6. Bd3 Nc6 7. Ne2 cxd4 8. cxd4
Nb6 9. O-O Bd7 10. a3 a5 11. Nf3 h6 12. Nf4 Be7 13. Ne1 Qc7 14. Qg4 g5 15. Nh5
O-O-O 16. Nc2 f5 17. exf6 Bd6 18. b4 Nc4 19. Rb1 Rhf8 20. h4 e5 21. Bf5 exd4
22. Nxd4 Nxd4 23. Bxd7+ Qxd7 24. Qxd4 Qf5 25. Rb3 axb4 26. axb4 Be5 27. Qd3
Qxd3 28. Rxd3 gxh4 29. g4 hxg3 30. fxg3 Rf7 31. Rf5 d4 32. Bxh6 Kd7 33. g4 1-0

[Event "RUS-chT 9th"]
[Site "Ekaterinburg"]
[Date "2002.05.18"]
[Round "2"]
[White "Obodchuk, Andrei"]
[Black "Timofeev, Artyom"]
[Result "1/2-1/2"]
[WhiteElo "2435"]
[BlackElo "2552"]
[PlyCount "93"]
[EventDate "2002.05.17"]

1. c4 e5 2. Nc3 Nc6 3. g3 Nf6 4. Bg2 Bc5 5. e3 d6 6. Nge2 Bf5 7. d4 Bb4 8. d5
Bxc3+ 9. Nxc3 Ne7 10. e4 Bg4 11. Qb3 b6 12. h3 Bc8 13. O-O Nd7 14. Qc2 O-O 15.
Bd2 a5 16. Kh2 Ng6 17. a3 h5 18. Nd1 Nc5 19. Ne3 a4 20. Rae1 h4 21. Nf5 Qf6 22.
Re3 Nb3 23. Rf3 Bxf5 24. Rxf5 Qe7 25. Bc3 Qd7 26. Rg5 Qe8 27. Rg4 hxg3+ 28.
fxg3 f6 29. Qe2 Ne7 30. Bf3 g6 31. Rh4 Kg7 32. Bg4 Ng8 33. Qe3 Nc5 34. Bb4 Rd8
35. Bxc5 bxc5 36. Be6 g5 37. Bxg8 Rxg8 38. Rg4 Qh5 39. Qf3 Rdf8 40. Kg2 Rh8 41.
h4 Qg6 42. Qe2 Qh5 43. Rf2 Rb8 44. Qf3 Rh6 45. Qf5 Kh8 46. Kf1 Rg8 47. Ke1
1/2-1/2

[Event "RUS-chT 9th"]
[Site "Ekaterinburg"]
[Date "2002.05.18"]
[Round "2"]
[White "Ovetchkin, Roman"]
[Black "Kurnosov, Igor"]
[Result "1-0"]
[WhiteElo "2515"]
[BlackElo "2419"]
[PlyCount "171"]
[EventDate "2002.05.17"]

1. e4 c5 2. Nf3 d6 3. Bb5+ Nd7 4. c3 Ngf6 5. Qe2 a6 6. Ba4 e5 7. O-O Be7 8. d4
b5 9. Bc2 O-O 10. Rd1 Qc7 11. a4 Bb7 12. dxe5 dxe5 13. axb5 axb5 14. Rxa8 Rxa8
15. Na3 b4 16. Nc4 bxc3 17. bxc3 Ra1 18. Bd3 Bf8 19. Qb2 Ra8 20. Re1 h6 21. Qb1
Rb8 22. Qc2 Re8 23. Nfd2 g6 24. Ne3 Bg7 25. f3 h5 26. Ndc4 Bc6 27. Nf1 Nf8 28.
Be3 Ne6 29. Nfd2 Nd7 30. Bf1 Rf8 31. Bf2 Bh6 32. Ne3 Nf6 33. Ndc4 Rd8 34. Rb1
Rb8 35. Rd1 Rd8 36. Rxd8+ Nxd8 37. Bh4 Bg7 38. Bg3 Ne8 39. Qd1 f6 40. Qb3 Nf7
41. Nd5 Qd8 42. Nce3 Bf8 43. Bh4 Kg7 44. h3 Qd7 45. Qb6 Nfd6 46. Qb8 Qc8 47.
Qa7+ Qb7 48. Qa1 Qb3 49. Bd3 Kf7 50. Bc2 Qb7 51. Qa2 Qa8 52. Qxa8 Bxa8 53. Bb3
Kg7 54. Ba4 Kf7 55. Nb6 Bb7 56. Bb3+ Kg7 57. Nd7 Nb5 58. Nxf8 Kxf8 59. Nd1 Nbc7
60. Bf2 Na6 61. Bc4 Ke7 62. h4 Nd6 63. Bxa6 Bxa6 64. Bxc5 Ke6 65. Bxd6 Kxd6 66.
Ne3 Bd3 67. g3 Ke6 68. Kf2 Bb5 69. Ke1 Kd6 70. Kd2 Kc5 71. g4 Bc6 72. gxh5 gxh5
73. Kd3 Ba4 74. Nd5 f5 75. Nf6 f4 76. Ke2 Kd6 77. Nxh5 Ke7 78. Ng7 Bb5+ 79. Kd2
Kf6 80. Nf5 Be8 81. c4 Bh5 82. Ke2 Be8 83. c5 Bd7 84. h5 Kg5 85. h6 Kg6 86. c6
1-0

[Event "RUS-chT 9th"]
[Site "Ekaterinburg"]
[Date "2002.05.18"]
[Round "2"]
[White "Poluljahov, Aleksandr"]
[Black "Belozerov, Andrei"]
[Result "1/2-1/2"]
[WhiteElo "2533"]
[BlackElo "2541"]
[PlyCount "53"]
[EventDate "2002.05.17"]

1. d4 d5 2. c4 e6 3. Nf3 Nf6 4. Nc3 Be7 5. g3 O-O 6. Bg2 dxc4 7. O-O c5 8. dxc5
Bxc5 9. Ne5 Qc7 10. Nxc4 Rd8 11. Qb3 Nc6 12. Be3 Bxe3 13. Nxe3 Nd4 14. Qc4 Qxc4
15. Nxc4 Bd7 16. e3 Nc6 17. Rfd1 Kf8 18. f4 Rab8 19. a3 Ke7 20. e4 Ne8 21. e5
f6 22. exf6+ Nxf6 23. h3 Be8 24. Rxd8 Rxd8 25. Rd1 Rxd1+ 26. Nxd1 Nd8 27. Nc3
1/2-1/2

[Event "RUS-chT 9th"]
[Site "Ekaterinburg"]
[Date "2002.05.18"]
[Round "2"]
[White "Rodin, Mihail"]
[Black "Slizhevsky, Alexander"]
[Result "1-0"]
[WhiteElo "2374"]
[BlackElo "2285"]
[PlyCount "49"]
[EventDate "2002.05.17"]

1. e4 c5 2. Nf3 d6 3. d4 cxd4 4. Nxd4 Nf6 5. Nc3 a6 6. Bg5 e6 7. f4 Qc7 8. Qf3
b5 9. O-O-O b4 10. Nce2 Nbd7 11. Ng3 Bb7 12. Bd3 Be7 13. Nh5 O-O 14. Rhe1 Rfe8
15. Nxf6+ Bxf6 16. Bxf6 Nxf6 17. Qh3 e5 18. Nf5 exf4 19. Qh4 Nxe4 20. Qxf4 Nc5
21. Rxe8+ Rxe8 22. Qxd6 Qa5 23. Bc4 b3 24. Qd4 Nd3+ 25. Bxd3 1-0

[Event "RUS-chT 9th"]
[Site "Ekaterinburg"]
[Date "2002.05.18"]
[Round "2"]
[White "Rublevsky, Sergei"]
[Black "Pridorozhni, Aleksei"]
[Result "1-0"]
[WhiteElo "2657"]
[BlackElo "2426"]
[PlyCount "48"]
[EventDate "2002.05.17"]

1. e4 c5 2. Nf3 Nc6 3. Bb5 e6 4. O-O Nge7 5. c3 d5 6. exd5 Qxd5 7. Re1 a6 8.
Bf1 Nf5 9. Na3 Be7 10. Nc4 Qd8 11. Ne3 Nh4 12. Nxh4 Bxh4 13. a3 b5 14. b4 cxb4
15. axb4 Bb7 16. d4 Ne7 17. Qh5 Ng6 18. g3 Bf6 19. Bg2 Bxg2 20. Nxg2 O-O 21.
Qf3 Bg5 22. Qg4 Bxc1 23. Raxc1 Ne7 24. Ne3 Nd5 1-0

[Event "RUS-chT 9th"]
[Site "Ekaterinburg"]
[Date "2002.05.18"]
[Round "2"]
[White "Selin, Vladimir"]
[Black "Dmitriev, Igor"]
[Result "1-0"]
[WhiteElo "2232"]
[BlackElo "2385"]
[PlyCount "131"]
[EventDate "2002.05.17"]

1. e4 c5 2. Nf3 a6 3. c3 e6 4. d4 d5 5. exd5 exd5 6. Bd3 c4 7. Bc2 Bd6 8. O-O
Ne7 9. b3 cxb3 10. axb3 Nbc6 11. Re1 O-O 12. Nbd2 Bf5 13. Nf1 Rc8 14. Ne3 Bxc2
15. Qxc2 Re8 16. Bd2 Qd7 17. Qd3 f6 18. c4 Bb8 19. Bc3 Rcd8 20. Rad1 Bf4 21.
Nc2 Nf5 22. g3 Bc7 23. Kg2 g6 24. h4 Kg7 25. h5 Qd6 26. Nh2 Kf7 27. Ng4 Rxe1
28. Rxe1 Re8 29. hxg6+ hxg6 30. Rxe8 Kxe8 31. Qf3 Kf7 32. cxd5 Nce7 33. Nce3
Nxe3+ 34. Nxe3 b5 35. Qe4 a5 36. Qh4 Kg7 37. Qg4 Kf7 38. Qh3 Nxd5 39. Qh7+ Kf8
40. Qh8+ Kf7 41. Qh7+ Kf8 42. Nxd5 Qxd5+ 43. Kg1 Qf7 44. Qh8+ Ke7 45. Qc8 Bd8
46. Qb7+ Kf8 47. Qxb5 Qc7 48. Qc4 Ke7 49. Kg2 Kd6 50. Qg8 Qc6+ 51. Kg1 Qxc3 52.
Qxd8+ Ke6 53. d5+ Ke5 54. d6 Qe1+ 55. Kg2 Qe4+ 56. Kh2 Qd4 57. Qe7+ Kf5 58. g4+
Kxg4 59. Qe6+ f5 60. Qxg6+ Kh4 61. Qh6+ Kg4 62. Qh3+ Kg5 63. Qe3+ Qxe3 64. fxe3
Kf6 65. Kg3 Ke6 66. Kf4 1-0

[Event "RUS-chT 9th"]
[Site "Ekaterinburg"]
[Date "2002.05.18"]
[Round "2"]
[White "Sherbakov, Ruslan"]
[Black "Shariyazdanov, Andrey"]
[Result "1/2-1/2"]
[WhiteElo "2549"]
[BlackElo "2542"]
[PlyCount "35"]
[EventDate "2002.05.17"]

1. d4 Nf6 2. c4 e6 3. Nc3 Bb4 4. e3 O-O 5. Bd3 d5 6. Nf3 b6 7. O-O Bb7 8. a3
Bd6 9. cxd5 exd5 10. b4 Nbd7 11. Qb3 Re8 12. Re1 a6 13. a4 Qe7 14. Ba3 Reb8 15.
b5 Bxa3 16. bxa6 Bxa6 17. Bxa6 Rxa6 18. Qxa3 1/2-1/2

[Event "RUS-chT 9th"]
[Site "Ekaterinburg"]
[Date "2002.05.??"]
[Round "2"]
[White "Sherbakov, Vitaly S"]
[Black "Djachkov, Sergej"]
[Result "1/2-1/2"]
[WhiteElo "2425"]
[BlackElo "2540"]
[PlyCount "89"]
[EventDate "2002.05.17"]

1. d4 Nf6 2. Nf3 d6 3. g3 Nbd7 4. Nc3 e5 5. e4 Be7 6. Bg2 O-O 7. O-O c6 8. a4
Qc7 9. h3 Re8 10. Re1 Nf8 11. Be3 b6 12. Nh2 Bb7 13. Ng4 Ne6 14. d5 cxd5 15.
exd5 Nf8 16. Nxf6+ Bxf6 17. Qd3 Nd7 18. g4 Rac8 19. Rac1 a6 20. Qd2 Be7 21. a5
b5 22. Ne4 Rf8 23. b3 Nf6 24. Ng3 Bd8 25. b4 Qc3 26. Red1 Ne8 27. Qxc3 Rxc3 28.
Ne4 Rc4 29. c3 f5 30. Nd2 Rc8 31. gxf5 Rxf5 32. c4 bxc4 33. Nxc4 Rf7 34. Nb6
Rxc1 35. Rxc1 Rc7 36. Ra1 Rc2 37. b5 Nc7 38. bxa6 Bxa6 39. Bf1 Kf7 40. Na8 Bxf1
41. Nxc7 Bc4 42. Ne6 Be7 43. Nc7 Bd8 44. Ne6 Be7 45. Nc7 1/2-1/2

[Event "RUS-chT 9th"]
[Site "Ekaterinburg"]
[Date "2002.05.18"]
[Round "2"]
[White "Smirnov, Artem"]
[Black "Pevzner, Lev"]
[Result "1/2-1/2"]
[WhiteElo "2313"]
[BlackElo "2423"]
[PlyCount "79"]
[EventDate "2002.05.17"]

1. d4 d5 2. c4 c6 3. Nf3 Nf6 4. Nc3 a6 5. e3 b5 6. b3 Bg4 7. Be2 Nbd7 8. O-O e6
9. Bb2 Bd6 10. Qc2 O-O 11. e4 b4 12. Nxd5 cxd5 13. e5 Bf5 14. Qd1 dxc4 15. bxc4
Be7 16. exf6 Bxf6 17. a3 a5 18. axb4 axb4 19. Rxa8 Qxa8 20. Qb3 Rb8 21. Nd2 e5
22. Ra1 Qb7 23. Ra5 Qc7 24. Qa2 b3 25. Qa3 Bc2 26. Ra7 Rb7 27. Rxb7 Qxb7 28.
Bf3 Qb8 29. Bc6 Nf8 30. d5 e4 31. h3 Bxb2 32. Qxb2 Qb4 33. Nf1 Qe1 34. d6 Bd3
35. d7 Qxf1+ 36. Kh2 Nxd7 37. Bxd7 Bxc4 38. Qe5 g6 39. Qe8+ Kg7 40. Qe5+
1/2-1/2

[Event "RUS-chT 9th"]
[Site "Ekaterinburg"]
[Date "2002.05.18"]
[Round "2"]
[White "Smirnov, Pavel"]
[Black "Nikitin, Andrey"]
[Result "1-0"]
[WhiteElo "2510"]
[BlackElo "2492"]
[PlyCount "81"]
[EventDate "2002.05.17"]

1. e4 e6 2. d4 d5 3. Nc3 Bb4 4. e5 c5 5. a3 Bxc3+ 6. bxc3 Qa5 7. Bd2 Qa4 8. Qb1
c4 9. Ne2 Nc6 10. Ng3 f6 11. exf6 Nxf6 12. Be2 Bd7 13. O-O O-O-O 14. Qc1 Be8
15. Bf4 Bg6 16. Bd1 Rhf8 17. Re1 Rde8 18. Ra2 h6 19. Qe3 Kd7 20. h4 b6 21. h5
Bh7 22. Qd2 Ne7 23. Bf3 Nf5 24. Nxf5 Bxf5 25. Be5 Rf7 26. Bh2 Ref8 27. Bd1 Ne4
28. Qe3 Qa5 29. f3 Nxc3 30. Ra1 Re7 31. g4 Bh7 32. Bg3 Nxd1 33. Raxd1 Bxc2 34.
Rc1 Bh7 35. Qe5 Rxf3 36. Qd6+ Kc8 37. Qc6+ Kd8 38. Bh4 Rf6 39. Qd6+ Rd7 40.
Qb8+ Ke7 41. Qh8 1-0

[Event "RUS-chT 9th"]
[Site "Ekaterinburg"]
[Date "2002.05.18"]
[Round "2"]
[White "Somkin, Evgeni"]
[Black "Vokarev, Sergey"]
[Result "1/2-1/2"]
[WhiteElo "2395"]
[BlackElo "2517"]
[PlyCount "71"]
[EventDate "2002.05.17"]

1. e4 c5 2. Nf3 Nc6 3. d4 cxd4 4. Nxd4 g6 5. c4 Bg7 6. Be3 Nf6 7. Nc3 O-O 8.
Be2 d6 9. O-O Bd7 10. Qd2 Nxd4 11. Bxd4 Bc6 12. f3 a5 13. Rab1 Nd7 14. Bf2 Nc5
15. b3 Qc7 16. Rfd1 Rfc8 17. Bf1 b6 18. Qe3 Qd8 19. Rd2 Qf8 20. Nd5 Rab8 21.
Bg3 Rb7 22. Rbd1 Bh6 23. f4 Qg7 24. a3 e5 25. Qf3 exf4 26. Bxf4 Bxf4 27. Qxf4
Qe5 28. Qg4 Re8 29. b4 axb4 30. axb4 Nd7 31. Qf3 Kg7 32. Rf2 Qe6 33. Qc3+ Qe5
34. Qf3 Qe6 35. Qc3+ Qe5 36. Qf3 1/2-1/2

[Event "RUS-chT 9th"]
[Site "Ekaterinburg"]
[Date "2002.05.18"]
[Round "2"]
[White "Sorokin, Maxim"]
[Black "Nureev, Garun"]
[Result "0-1"]
[WhiteElo "2531"]
[BlackElo "2457"]
[PlyCount "48"]
[EventDate "2002.05.17"]

1. Nf3 e6 2. c4 b6 3. e4 Bb7 4. Nc3 Bb4 5. Qb3 c5 6. Bd3 Nf6 7. Qc2 Nc6 8. a3
Ba5 9. Rb1 Qe7 10. O-O g5 11. Nxg5 O-O-O 12. Na2 Nd4 13. Qd1 Rdg8 14. f4 h6 15.
Nf3 Nxe4 16. Bxe4 Bxe4 17. d3 Bb7 18. Be3 Rxg2+ 19. Kxg2 Rg8+ 20. Kh3 Qf6 21.
Ng5 hxg5 22. fxg5 Rh8+ 23. Kg4 Qg6 24. Kf4 Qf5+ 0-1

[Event "RUS-chT 9th"]
[Site "Ekaterinburg"]
[Date "2002.05.18"]
[Round "2"]
[White "Starosek, Konstantin"]
[Black "Iljushin, Alexei"]
[Result "0-1"]
[WhiteElo "2495"]
[BlackElo "2517"]
[PlyCount "66"]
[EventDate "2002.05.17"]

1. Nf3 c5 2. g3 Nc6 3. Bg2 e5 4. e4 g6 5. d3 Bg7 6. c3 Nge7 7. Be3 d6 8. Qd2
O-O 9. h4 h5 10. Bh6 d5 11. Bxg7 Kxg7 12. exd5 Qxd5 13. O-O Rd8 14. Rd1 Qd6 15.
Na3 f6 16. Qe1 Bg4 17. Nc4 Qc7 18. Ne3 Be6 19. b4 cxb4 20. cxb4 Rac8 21. Rac1
a6 22. a3 Qb8 23. Rc5 Rc7 24. b5 axb5 25. Rxb5 Qa7 26. Qc3 Rcd7 27. Qb2 Nf5 28.
Rb6 Nxe3 29. fxe3 Bg4 30. Rd2 Ne7 31. Nh2 Nc8 32. Rxb7 Qxe3+ 33. Rf2 Nd6 0-1

[Event "RUS-chT 9th"]
[Site "Ekaterinburg"]
[Date "2002.05.18"]
[Round "2"]
[White "Tomashevsky, Evgeny"]
[Black "Lubashov, Alexei"]
[Result "1-0"]
[WhiteElo "2452"]
[BlackElo "2313"]
[PlyCount "75"]
[EventDate "2002.05.17"]

1. c4 d6 2. Nc3 g6 3. Nf3 Bg7 4. d4 Nf6 5. Bg5 h6 6. Bh4 Nbd7 7. e3 O-O 8. Be2
b6 9. O-O Bb7 10. Qc2 g5 11. Bg3 e6 12. Nd2 Ne8 13. f3 f5 14. Bf2 c5 15. Bd3
Qf6 16. Rfe1 Rc8 17. Rad1 Qf7 18. Nf1 Kh8 19. Ng3 cxd4 20. exd4 f4 21. Nf1 e5
22. d5 Nc5 23. Nd2 Nxd3 24. Qxd3 Rg8 25. b4 Bf8 26. c5 bxc5 27. bxc5 dxc5 28.
Nc4 Qg7 29. Nxe5 Bd6 30. Qf5 Rc7 31. Nb5 Re7 32. Nc4 Rf7 33. Qe6 Re7 34. Qh3
Qg6 35. Nbxd6 Rxe1+ 36. Rxe1 Nxd6 37. Nxd6 g4 38. fxg4 1-0

[Event "RUS-chT 9th"]
[Site "Ekaterinburg"]
[Date "2002.05.18"]
[Round "2"]
[White "Ulibin, Mikhail"]
[Black "Sveshnikov, Evgeny"]
[Result "1/2-1/2"]
[WhiteElo "2576"]
[BlackElo "2556"]
[PlyCount "62"]
[EventDate "2002.05.17"]

1. e4 c5 2. Nf3 Nc6 3. Bb5 e6 4. O-O Nge7 5. Re1 Nd4 6. Nxd4 cxd4 7. d3 a6 8.
Ba4 Nc6 9. Nd2 b5 10. Bb3 Bc5 11. e5 d5 12. Qg4 O-O 13. Nf3 f5 14. Qg3 Ra7 15.
Bd2 Qb6 16. h4 a5 17. a4 bxa4 18. Bxa4 Nb4 19. h5 Bd7 20. Bxd7 Rxd7 21. Rec1
Rc8 22. h6 Bf8 23. hxg7 Rxg7 24. Qh4 Nc6 25. b3 Qc7 26. Bg5 Rg6 27. Bf6 Rh6 28.
Qg5+ Rg6 29. Qh4 Rh6 30. Qg5+ Rg6 31. Qh4 Rh6 1/2-1/2

[Event "RUS-chT 9th"]
[Site "Ekaterinburg"]
[Date "2002.05.19"]
[Round "3"]
[White "Akselrod, Vladislav"]
[Black "Popov, Valerij"]
[Result "0-1"]
[WhiteElo "2420"]
[BlackElo "2575"]
[PlyCount "80"]
[EventDate "2002.05.17"]

1. d4 d5 2. Nf3 Nf6 3. e3 Bf5 4. c4 c6 5. Qb3 Qb6 6. Nc3 e6 7. Qxb6 axb6 8. Nh4
Bc2 9. Kd2 Bb3 10. cxd5 exd5 11. Bd3 b5 12. Bb1 Nbd7 13. Ke1 b4 14. Ne2 Bc4 15.
f3 g6 16. e4 Be7 17. g3 dxe4 18. fxe4 O-O 19. Nf3 Rfe8 20. Nd2 Bb5 21. b3 Bf8
22. e5 c5 23. Nc4 Nd5 24. Be4 Nc3 25. Bxb7 Ra7 26. Bg2 cxd4 27. Nxd4 Bxc4 28.
bxc4 Nxe5 29. Kf1 Rd7 30. Bd5 Nxd5 31. cxd5 Rxd5 32. Nb3 Nd3 33. Kg2 Bg7 34.
Rb1 Re2+ 35. Kf3 Rxa2 36. Ke4 Rd8 37. Be3 f5+ 38. Kf3 Ne5+ 39. Kf4 Re8 40. g4
Rg2 0-1

[Event "RUS-chT 9th"]
[Site "Ekaterinburg"]
[Date "2002.05.19"]
[Round "3"]
[White "Aleksandrov, Aleksej"]
[Black "Semeniuk, Alexander A"]
[Result "1-0"]
[WhiteElo "2654"]
[BlackElo "2464"]
[PlyCount "61"]
[EventDate "2002.05.17"]

1. c4 Nf6 2. Nf3 g6 3. Nc3 d5 4. Qa4+ Bd7 5. Qb3 dxc4 6. Qxc4 Bg7 7. d4 Na6 8.
e4 c5 9. e5 Ng4 10. h3 cxd4 11. Qxd4 Qa5 12. hxg4 Nb4 13. Qe4 Bc6 14. Qb1 O-O-O
15. a3 Bxf3 16. gxf3 Qxe5+ 17. Be3 Nc6 18. Bg2 f5 19. f4 Qa5 20. O-O fxg4 21.
Bxc6 bxc6 22. Qe4 Kc7 23. Qxe7+ Rd7 24. Qb4 Qa6 25. Rad1 Rhd8 26. Rxd7+ Rxd7
27. f5 Kc8 28. Ne4 Be5 29. Nc5 Bh2+ 30. Kg2 Qe2 31. Qe4 1-0

[Event "RUS-chT 9th"]
[Site "Ekaterinburg"]
[Date "2002.05.19"]
[Round "3"]
[White "Burmakin, Vladimir"]
[Black "Starosek, Konstantin"]
[Result "1-0"]
[WhiteElo "2582"]
[BlackElo "2495"]
[PlyCount "58"]
[EventDate "2002.05.17"]

1. d4 Nf6 2. Nf3 d6 3. g3 g6 4. Bg2 Bg7 5. O-O O-O 6. Re1 Nbd7 7. e4 e5 8. Nc3
b6 9. dxe5 dxe5 10. Nd5 Bb7 11. Bg5 Re8 12. c4 h6 13. Bd2 Nc5 14. Qc2 c6 15.
Nxf6+ Qxf6 16. b4 Na6 17. c5 bxc5 18. bxc5 Qe7 19. Be3 Red8 20. Rab1 Rdb8 21.
Bh3 Nc7 22. Red1 Nb5 23. Rb3 Rd8 24. Rbd3 Rxd3 25. Qxd3 Qf6 26. Kg2 Ba6 27. Ne1
Bf8 28. a4 Nc7 29. Qd2 Ne8 1-0

[Event "RUS-chT 9th"]
[Site "Ekaterinburg"]
[Date "2002.05.19"]
[Round "3"]
[White "Diu, Viacheslav"]
[Black "Filippov, Valerij"]
[Result "0-1"]
[WhiteElo "2412"]
[BlackElo "2654"]
[PlyCount "54"]
[EventDate "2002.05.17"]

1. d4 d5 2. c4 e6 3. Nc3 c6 4. Nf3 Nf6 5. Bg5 h6 6. Bh4 dxc4 7. e4 g5 8. Bg3 b5
9. Be2 Bb7 10. e5 Nd5 11. h4 g4 12. Nd2 h5 13. a4 a6 14. Rc1 Nd7 15. O-O Qb6
16. Nce4 Qxd4 17. Qc2 Nb4 18. Qb1 c5 19. b3 Bh6 20. bxc4 Bxd2 21. Nd6+ Ke7 22.
Nxb7 bxa4 23. Rfd1 a3 24. Rc2 Nxc2 25. Qxc2 Qc3 26. Qa4 Rhb8 27. Na5 Qxa5 0-1

[Event "RUS-chT 9th"]
[Site "Ekaterinburg"]
[Date "2002.05.19"]
[Round "3"]
[White "Fedorov, Alexei"]
[Black "Potapov, Alexander"]
[Result "0-1"]
[WhiteElo "2598"]
[BlackElo "2498"]
[PlyCount "76"]
[EventDate "2002.05.17"]

1. e4 e5 2. Bc4 Nc6 3. Nf3 Nf6 4. d3 Be7 5. O-O O-O 6. Re1 d6 7. a4 Bg4 8. h3
Bh5 9. c3 d5 10. exd5 Nxd5 11. a5 Qd6 12. Nbd2 f5 13. Qb3 Rad8 14. Qxb7 Kh8 15.
Bb5 Be8 16. Nc4 Qc5 17. b4 Ncxb4 18. cxb4 Qxb5 19. Qxa7 Bxb4 20. Rb1 e4 21. Bg5
Qb8 22. Qxb8 Rxb8 23. dxe4 fxe4 24. Nfd2 Bg6 25. Rb3 h6 26. Be3 Nxe3 27. fxe3
c5 28. Ra1 Bf7 29. a6 Ra8 30. Rbb1 Ra7 31. Rc1 Bd5 32. Rc2 Rf6 33. Nb3 Raxa6
34. Rd1 Bf7 35. Rd8+ Kh7 36. Nbd2 Ra1+ 37. Kh2 Rd1 38. Rf8 Bxc4 0-1

[Event "RUS-chT 9th"]
[Site "Ekaterinburg"]
[Date "2002.05.19"]
[Round "3"]
[White "Iskusnyh, Sergei"]
[Black "Lastin, Alexander"]
[Result "0-1"]
[WhiteElo "2475"]
[BlackElo "2619"]
[PlyCount "56"]
[EventDate "2002.05.17"]

1. d4 d5 2. c4 e6 3. Nf3 c5 4. cxd5 exd5 5. g3 Nc6 6. Bg2 Nf6 7. O-O Be7 8. Nc3
O-O 9. Bg5 cxd4 10. Nxd4 h6 11. Be3 Re8 12. Qc2 Bg4 13. Rfd1 Qd7 14. Nxc6 bxc6
15. Rd2 Qe6 16. Rc1 Bf5 17. Qa4 Rab8 18. Bd4 Nd7 19. e4 dxe4 20. Ne2 Bb4 21.
Rxc6 Qe7 22. Nc3 Nc5 23. Bxc5 Bxc5 24. Nd5 Qg5 25. Rc2 e3 26. fxe3 Bxc2 27.
Qxc2 Bxe3+ 28. Kh1 Bd4 0-1